Регионална библиотека "Любен Каравелов" - Русе

Динозаврите (Запис номер 99575)

MARC детайли
000 -Лидер
Контролно поле с фиксирана дължина 01580nam a2200409 c 4500
003 - Код на организацията, давaща контролен номер
Контролно поле BLK
005 - Дата и час на последна редакция
Контролно поле 20240709111718.0
008 - Елементи от данни с фиксирана дължина
fixed length control field 180409b bul|||||r ||||||| ||bul||
010 ## - Наследен системен номер
LC control number KNG00104584000
020 ## - Международен стандартен номер на книга ISBN
Международен стандартен номер на книга ISBN 954-26-0006-2
040 ## - Източник на каталожния запис
Идентификатор на билиотеката - собственик на записа BLK
041 ## - Код за език
Код за езика на текст/звукозапис или на отделно заглавие Български
Код за езика КДБФ Български
080 ## - УДК
Текстов определител УДК Динозаври
УДК код - определител по УДК 568.1
УДК определител (035)
УДК - код + определител 568.1(035)
100 1# - Редна дума - Автор
Автор Дейвис, Франсис
Авторска отговорност първи автор
R(LIN) 285502
139 ## - Редно поле
Редна дума Дейвис, Франсис
Авторски знак Деи - Д 34
245 10 - Сведения за заглавието
Заглавие Динозаврите
Редно поле (дума) Франсис Дейвис; ил. Джан Паоло Фалескини; прев. Маргарита Месроб Дограмаджян.
257 ## - Страна на издаване
Страна на създаване/издаване Италия
260 ## - Област на издателските данни
Име на издателя, разпространителя и проч. Хермес
Година на издаване 2002
Печатница Пловдив : Полиграфия
300 ## - Физическа характеристика
Страници 32 с.
Илюстрации и др. с цв. ил.
Размери/Мащаб 26 см
380 ## - Жанр
Жанр Естествени науки. Математика
490 ## - СЕРИИ (Колекции)
Име на серия Детска енциклопедия Да научим повече за...
9 (RLIN) 201224
500 ## - Общи забележки
Забележка Доп. тир. 2004, 2005, 2009.
650 #4 - Допълнително описание по предмет – тема
Основно описание – тема или топоним Динозаври
9 (RLIN) 153483
653 ## - Ключова дума – ненормативна
Ключова дума динозаври
653 ## - Ключова дума – ненормативна
Ключова дума енциклопедии
653 ## - Ключова дума – ненормативна
Ключова дума литература за деца
653 ## - Ключова дума – ненормативна
Ключова дума детска литература
700 1# - Други автори (авторска отговорност)
Лично име Фалескини, Джан Паоло
Автороска отговорност (Описва отношението между автора и произведението) ил.
9 (RLIN) 133426
700 1# - Други автори (авторска отговорност)
Лично име Дограмаджян, Маргарита Месроб
Автороска отговорност (Описва отношението между автора и произведението) прев.
9 (RLIN) 63864
852 ## - Местоположение
Форматна сигнатура Цб ІІ 11816
856 4# - Електронен адрес и достъп
Електронен формат pdf - файл
856 4# - Електронен адрес и достъп
Електронен формат pdf - файл
999 ## - СИСТЕМНИ КОНТРОЛНИ НОМЕРА
Koha biblionumber 99575
Koha biblioitemnumber 99575
942 ## - АРТИКУЛИ
Вид на библиотечния материал Книги
Скрит в OPAC Не
Koha issues (borrowed), all copies 23
Периодичен библиозапис Да
944 ## - СЪЗДАВАНЕ И РЕДАКЦИЯ на ЗАПИСА
Създаване/Редакция Създаване
Дата на регистрацията/редакция 01.01.2002
Статус, дата на статуса Ива Цветкова
Служител, извършил регистрацията/редакцията 30543
944 ## - СЪЗДАВАНЕ И РЕДАКЦИЯ на ЗАПИСА
Създаване/Редакция Редакция
Дата на регистрацията/редакция 05.06.2017
Статус, дата на статуса ф /
Служител, извършил регистрацията/редакцията Людмила_Стоянова
999 ## - СИСТЕМНИ КОНТРОЛНИ НОМЕРА
Koha biblioitemnumber 99575
Наличности
Код за отписване Код за изгубен артикул Източник на класификационната схема Код за повреда Коз за рестрикции Код за отдаване Артикулен № Име на библиотеката - собственик Име на библиотеката, в която се намира в момента Статус (Текущо местоположение) Дата на вписване в системата Местоположение - отдел Цена в лева Инвентарен номер Систематично азбучна сигнатура Баркод Номер на екземпляра Цена в евро Служебна бележка Служебен тип на артикула
Изтеглен Не е изгубен Universal Decimal Classification Не е повреден без рестрикции заемане за дома 160426 Регионална библиотека "Любен Каравелов" Русе Регионална библиотека "Любен Каравелов" Русе Детски отдел 2002-12-11 Детски отдел 4.50 120000673878 ДН 5/Д 34 120000673878 1 2.30 Дост: Pk Вид: Ф N: 46 Дата: 11.12.2002 Дата инв: 20.08.2015 Бележки инв: Д2015 Книги
  Не е изгубен   Не е повреден без рестрикции ползва се в читалня 160427 Регионална библиотека "Любен Каравелов" Русе Регионална библиотека "Любен Каравелов" Русе Хранилище 2003-11-26 Хранилище 4.50 120000680390 Цб ІІ 11816 120000680390 2 2.30 Дост: Dp Вид: Д N: 46 Дата: 06.11.2002 Книги
  Не е изгубен Universal Decimal Classification Не е повреден без рестрикции заемане за дома 160428 Регионална библиотека "Любен Каравелов" Русе Регионална библиотека "Любен Каравелов" Русе Детски отдел 2012-06-21 Детски отдел 6.99 120000758562 ДН 5/Д 34 120000758562 3 3.57 Дост: DA Вид: А N: 12 Дата: 21.06.2012 Книги
Изтеглен Не е изгубен Universal Decimal Classification Не е повреден без рестрикции заемане за дома 160429 Регионална библиотека "Любен Каравелов" Русе Регионална библиотека "Любен Каравелов" Русе Детски отдел 2012-06-21 Детски отдел 6.99 120000758563 ДН 5/Д 34 120000758563 4 3.57 Дост: DA Вид: А N: 12 Дата: 21.06.2012 Дата инв: 14.08.2015 Бележки инв: Д2015 Книги
  Не е изгубен   Не е повреден без рестрикции заемане за дома 160430 Регионална библиотека "Любен Каравелов" Русе Регионална библиотека "Любен Каравелов" Русе Детски отдел 2017-05-04 Детски отдел 4.99 120000810650 ДН 5/Д 34 120000810650 5 2.55 Дост: DA Вид: А N: 19 Дата: 04.05.2017 Книги
Vip Innovations Ltd, Rousse, Bulgaria 2025